RICS Awards 2005 (Record no. 118426)
[ view plain ]
| 000 -LEADER | |
|---|---|
| fixed length control field | 01148cam a2200205 4500 |
| 001 - CONTROL NUMBER | |
| control field | WB@3612-744 |
| 008 - FIXED-LENGTH DATA ELEMENTS--GENERAL INFORMATION | |
| fixed length control field | 041209n2004 000 0 eng u |
| 035 ## - SYSTEM CONTROL NUMBER | |
| System control number | (Sirsi) u128261 |
| 245 ## - TITLE STATEMENT | |
| Title | RICS Awards 2005 |
| 260 ## - PUBLICATION, DISTRIBUTION, ETC. | |
| Date of publication, distribution, etc. | 2004 |
| 490 ## - SERIES STATEMENT | |
| Series statement | RICS Press Release |
| Volume/sequential designation | (pr103) 3 December 2004 (2) |
| 520 ## - SUMMARY, ETC. | |
| Summary, etc. | The RICS Awards 2005 have opened with an overwhelmingly positive response from the built environment sector. Enquiries about the 2005 Awards are at record levels, and the annual event looks set to attract a large number of high-quality entries. RICS is calling upon teams and individuals involved in delivering outstanding building projects to submit their entries for the RICS Awards 2005. A revised format for 2005 will see schemes competing in regional heats, with the best entrants from each region forming the shortlist for the main awards. The closing date for entries is 31 December 2004. For further information go to the website. http://www.rics.org. |
| 590 ## - LOCAL NOTE (RLIN) | |
| Local note | WB |
| 590 ## - LOCAL NOTE (RLIN) | |
| Local note | WB |
| 650 ## - SUBJECT ADDED ENTRY--TOPICAL TERM | |
| Topical term or geographic name entry element | ABOUT RICS-AWARDS |
| 650 ## - SUBJECT ADDED ENTRY--TOPICAL TERM | |
| Topical term or geographic name entry element | BUILT ENVIRONMENT |
| 650 ## - SUBJECT ADDED ENTRY--TOPICAL TERM | |
| Topical term or geographic name entry element | BUILDING CONSERVATION |
| 690 ## - LOCAL SUBJECT ADDED ENTRY--TOPICAL TERM (OCLC, RLIN) | |
| Topical term or geographic name as entry element | RICS NEWS |
| 942 ## - ADDED ENTRY ELEMENTS (KOHA) | |
| Suppress in OPAC | 0 |
| Withdrawn status | Lost status | Source of classification or shelving scheme | Damaged status | Not for loan | Home library | Current library | Shelving location | Date acquired | Total Checkouts | Full call number | Barcode | Date last seen | Copy number | Price effective from | Koha item type |
|---|---|---|---|---|---|---|---|---|---|---|---|---|---|---|---|
| Dewey Decimal Classification | London | London | News article | 09/12/2004 | WB4047-14 | 128261-1001 | 06/08/2019 | 1 | 06/08/2019 | News article |